Dr. Rudolf Hažlinský

Bibliographic Details
Main Author: Reťkovský, M. (Author)
Format: Article
Language:Slovak
Subjects:

MARC

LEADER 00000nab a2200000 a 4500
001 vtls001004126
003 SK-MaSNL
005 20260303041017.0
008 040720e19920000xo 0 slo
035 |a RV4726 
040 |a RVGKPD  |b slo  |c RVGKPD  |e AACR2 
041 0 |a slo 
044 |a xo  |c SK 
080 |a 929 Hažlinský, Rudolf  |2 1981 
100 1 |a Reťkovský, M.  |4 aut  |9 1024771 
245 1 0 |a Dr. Rudolf Hažlinský 
545 |a Hažlinský, Rudolf, 1869-1914  |b 4.12.1869 Prešov-19.9.1914 Rožňava. Pedagóg, múzejník. 
600 1 7 |a Hažlinský, Rudolf,  |d 1869-1914  |2 RVGKPD 
651 7 |a Rožňava (Slovensko)  |2 RVGKPD  |9 17394 
773 0 8 |t Múzejné noviny (1992), s. 2 
852 |a ZVYKNI  |b KIS3GCP 
999 |c 1684792  |d 1686722